000 00317nam a22001457a 4500
008 230615b ||||| |||| 00| 0 eng d
020 _a9780072231533
041 _aeng
080 _a34
082 _a37BER
100 _a23
101 _aEDU
245 _aHOW TO DO EVERYTHING WITH
_cBERGSLAND.D
942 _2udc
_cBK
999 _c59986
_d59986